000
00292nam a22001337a 4500
020
_a
0-408-10868-1
041
_a
ENG
100
_a
France,J
245
_a
Mathematical Models In Agriciture
260
_a
london
_b
Butterworths
_c
1984
300
_a
355
650
_a
IDE
856
_u
IDE ( 44 )
999
_c
1582
_d
1582